| 000 | 01096nam a2200253Ia 4500 | ||
|---|---|---|---|
| 999 |
_c39623 _d39623 |
||
| 001 | 6223 | ||
| 003 | GE_BSU | ||
| 005 | 20200226163406.0 | ||
| 008 | 181216s ge xx |||||||||||||| ||geo|| | ||
| 020 | _a9789941145155 | ||
| 040 | _cGE_BSU | ||
| 041 | _ageo | ||
| 080 | _a622.242.2 ვ-21 | ||
| 100 |
_aვარშალომოძე, გ. _97515 |
||
| 245 |
_aსაბურღი და ნავთობსარეწაო დანადგარ-მოწყობილობები / _cგ. ვარშალომოძე ; თ. ტურაშვილი. |
||
| 264 |
_aთბილისი : _bტექნიკური უნივერსიტეტი, _c2009. |
||
| 300 |
_a437 გვ.: _c21 სმ. |
||
| 300 | _eდანართი გვ.422 | ||
| 500 | _aდანართი გვ.422 | ||
| 653 | _aსაბურღი და ნავთობსარეწაო დანადგარ-მოწყობილობები. | ||
| 653 | _aტექნიკა | ||
| 700 |
_a ტურაშვილი, თ _97516 |
||
| 942 |
_cBK _2udc |
||